000 01238nam1a22002531i 4500
001 rc\3601444
005 20240723232022.0
010 _9200
035 _a(NLR Aleph) 007707601
090 _a6815255
_c6815255
100 _a20130115d1971 |||y0rusy50 ca
101 0 _arus
102 _aRU
105 _a z |||||
200 1 _aПроизводство сталей и сплавов в вакуумных, электрошлаковых и электронно-лучевых печах
_e[Сборник материалов]
_f[Глав. ред. В.Н. Щирин]
_gМ-во черной металлургии СССР. Центр. науч.-исслед. ин-т черной металлургии им. И.П. Бардина. Центр. науч.-исслед. ин-т информации и техн.-экон. исследований черной металлургии. [В 3 ч.] Ч. 1-3
210 _aМосква
_cБ. и.
_d1971
215 _a3 т.
_d21
320 _aБиблиогр. в конце статей
333 _aДля служебного пользования
702 1 _aЩирин
_bВ.Н.
_4340
801 0 _aRU
_bNLR
_gpsbo
801 1 _aRU
_bELAR
_2rusmarc
852 _aNLR
_j71-50К/1442
942 _cBOOK